<?xml version="1.0" encoding="UTF-8"?>
<collection xmlns="http://www.loc.gov/MARC21/slim">
 <record>
  <leader>05844cam a2200937   4500</leader>
  <controlfield tag="001">716797631</controlfield>
  <controlfield tag="003">DE-627</controlfield>
  <controlfield tag="005">20221225223459.0</controlfield>
  <controlfield tag="007">tu</controlfield>
  <controlfield tag="008">210928s2012    gw ||||| cc   00| ||ger c</controlfield>
  <datafield tag="015" ind1=" " ind2=" ">
   <subfield code="a">12,N20</subfield>
   <subfield code="2">dnb</subfield>
  </datafield>
  <datafield tag="016" ind1="7" ind2=" ">
   <subfield code="a">1022049771</subfield>
   <subfield code="2">DE-101</subfield>
  </datafield>
  <datafield tag="020" ind1=" " ind2=" ">
   <subfield code="a">9783777455419</subfield>
   <subfield code="c"> : Gb. : ca. EUR 29.90 (DE)</subfield>
   <subfield code="9">978-3-7774-5541-9</subfield>
  </datafield>
  <datafield tag="024" ind1="3" ind2=" ">
   <subfield code="a">9783777455419</subfield>
  </datafield>
  <datafield tag="035" ind1=" " ind2=" ">
   <subfield code="a">(DE-627)716797631</subfield>
  </datafield>
  <datafield tag="035" ind1=" " ind2=" ">
   <subfield code="a">(DE-576)365080799</subfield>
  </datafield>
  <datafield tag="035" ind1=" " ind2=" ">
   <subfield code="a">(DE-599)DNB1022049771</subfield>
  </datafield>
  <datafield tag="035" ind1=" " ind2=" ">
   <subfield code="a">(OCoLC)808719692</subfield>
  </datafield>
  <datafield tag="035" ind1=" " ind2=" ">
   <subfield code="a">(OCoLC)799069175</subfield>
  </datafield>
  <datafield tag="040" ind1=" " ind2=" ">
   <subfield code="a">DE-627</subfield>
   <subfield code="b">ger</subfield>
   <subfield code="c">DE-627</subfield>
   <subfield code="e">rakwb</subfield>
  </datafield>
  <datafield tag="041" ind1=" " ind2=" ">
   <subfield code="a">ger</subfield>
  </datafield>
  <datafield tag="044" ind1=" " ind2=" ">
   <subfield code="c">XA-DE-BY</subfield>
  </datafield>
  <datafield tag="082" ind1="0" ind2="4">
   <subfield code="a">943</subfield>
   <subfield code="q">DNB</subfield>
  </datafield>
  <datafield tag="084" ind1=" " ind2=" ">
   <subfield code="a">8,1</subfield>
   <subfield code="2">ssgn</subfield>
  </datafield>
  <datafield tag="084" ind1=" " ind2=" ">
   <subfield code="a">LH 47240</subfield>
   <subfield code="q">BVB</subfield>
   <subfield code="2">rvk</subfield>
   <subfield code="0">(DE-625)rvk/93657:</subfield>
  </datafield>
  <datafield tag="084" ind1=" " ind2=" ">
   <subfield code="a">LK 61370</subfield>
   <subfield code="q">BVB</subfield>
   <subfield code="2">rvk</subfield>
   <subfield code="0">(DE-625)rvk/98033:</subfield>
  </datafield>
  <datafield tag="084" ind1=" " ind2=" ">
   <subfield code="a">NN 6530</subfield>
   <subfield code="2">rvk</subfield>
   <subfield code="0">(DE-625)rvk/127035:</subfield>
  </datafield>
  <datafield tag="084" ind1=" " ind2=" ">
   <subfield code="a">NR 7050</subfield>
   <subfield code="2">rvk</subfield>
   <subfield code="0">(DE-625)rvk/129698:</subfield>
  </datafield>
  <datafield tag="084" ind1=" " ind2=" ">
   <subfield code="a">21.73</subfield>
   <subfield code="2">bkl</subfield>
  </datafield>
  <datafield tag="084" ind1=" " ind2=" ">
   <subfield code="a">15.46</subfield>
   <subfield code="2">bkl</subfield>
  </datafield>
  <datafield tag="245" ind1="1" ind2="0">
   <subfield code="a">Friedrich und Potsdam</subfield>
   <subfield code="b">die Erfindung seiner Stadt ; [anlässlich der Ausstellung &quot;Friedrich und Potsdam - Die Erfindung (s)einer Stadt&quot; vom 20. August bis 2. Dezember 2012 im Potsdam Museum - Forum für Kunst und Geschichte]</subfield>
   <subfield code="c">im Auftrag der Landeshauptstadt Potsdam, Potsdam Museum - Forum für Kunst und Geschichte  hrsg. von Jutta Götzmann</subfield>
  </datafield>
  <datafield tag="246" ind1="3" ind2="0">
   <subfield code="a">seiner einer</subfield>
  </datafield>
  <datafield tag="264" ind1=" " ind2="1">
   <subfield code="a">München</subfield>
   <subfield code="b">Hirmer</subfield>
   <subfield code="c">2012</subfield>
  </datafield>
  <datafield tag="300" ind1=" " ind2=" ">
   <subfield code="a">211 S.</subfield>
   <subfield code="b">zahlr. Ill., graph. Darst.</subfield>
   <subfield code="c">28 cm</subfield>
  </datafield>
  <datafield tag="336" ind1=" " ind2=" ">
   <subfield code="a">Text</subfield>
   <subfield code="b">txt</subfield>
   <subfield code="2">rdacontent</subfield>
  </datafield>
  <datafield tag="336" ind1=" " ind2=" ">
   <subfield code="a">unbewegtes Bild</subfield>
   <subfield code="b">sti</subfield>
   <subfield code="2">rdacontent</subfield>
  </datafield>
  <datafield tag="337" ind1=" " ind2=" ">
   <subfield code="a">ohne Hilfsmittel zu benutzen</subfield>
   <subfield code="b">n</subfield>
   <subfield code="2">rdamedia</subfield>
  </datafield>
  <datafield tag="338" ind1=" " ind2=" ">
   <subfield code="a">Band</subfield>
   <subfield code="b">nc</subfield>
   <subfield code="2">rdacarrier</subfield>
  </datafield>
  <datafield tag="500" ind1=" " ind2=" ">
   <subfield code="a">Literaturverz. S. 184 - 195</subfield>
  </datafield>
  <datafield tag="650" ind1=" " ind2="4">
   <subfield code="a">Potsdam</subfield>
  </datafield>
  <datafield tag="655" ind1=" " ind2="7">
   <subfield code="a">Ausstellungskatalog</subfield>
   <subfield code="y">2012</subfield>
   <subfield code="z">Potsdam</subfield>
   <subfield code="0">(DE-588)4135467-9</subfield>
   <subfield code="0">(DE-627)10566491X</subfield>
   <subfield code="0">(DE-576)209660988</subfield>
   <subfield code="2">gnd-content</subfield>
  </datafield>
  <datafield tag="655" ind1=" " ind2="7">
   <subfield code="a">Aufsatzsammlung</subfield>
   <subfield code="0">(DE-588)4143413-4</subfield>
   <subfield code="0">(DE-627)105605727</subfield>
   <subfield code="0">(DE-576)209726091</subfield>
   <subfield code="2">gnd-content</subfield>
  </datafield>
  <datafield tag="655" ind1=" " ind2="7">
   <subfield code="a">Ausstellungskatalog</subfield>
   <subfield code="0">(DE-588)4135467-9</subfield>
   <subfield code="0">(DE-627)10566491X</subfield>
   <subfield code="0">(DE-576)209660988</subfield>
   <subfield code="2">gnd-content</subfield>
  </datafield>
  <datafield tag="689" ind1="0" ind2="0">
   <subfield code="d">p</subfield>
   <subfield code="0">(DE-588)118535749</subfield>
   <subfield code="0">(DE-627)133880583</subfield>
   <subfield code="0">(DE-576)161017142</subfield>
   <subfield code="a">Friedrich</subfield>
   <subfield code="b">II.</subfield>
   <subfield code="c">Preußen, König</subfield>
   <subfield code="d">1712-1786</subfield>
   <subfield code="2">gnd</subfield>
  </datafield>
  <datafield tag="689" ind1="0" ind2="1">
   <subfield code="d">g</subfield>
   <subfield code="0">(DE-588)4046948-7</subfield>
   <subfield code="0">(DE-627)106196332</subfield>
   <subfield code="0">(DE-576)209071575</subfield>
   <subfield code="a">Potsdam</subfield>
   <subfield code="2">gnd</subfield>
  </datafield>
  <datafield tag="689" ind1="0" ind2="2">
   <subfield code="a">z</subfield>
   <subfield code="2">gnd</subfield>
   <subfield code="a">Geschichte</subfield>
  </datafield>
  <datafield tag="689" ind1="0" ind2=" ">
   <subfield code="5">DE-101</subfield>
  </datafield>
  <datafield tag="689" ind1="1" ind2="0">
   <subfield code="d">p</subfield>
   <subfield code="0">(DE-588)118535749</subfield>
   <subfield code="0">(DE-627)133880583</subfield>
   <subfield code="0">(DE-576)161017142</subfield>
   <subfield code="a">Friedrich</subfield>
   <subfield code="b">II.</subfield>
   <subfield code="c">Preußen, König</subfield>
   <subfield code="d">1712-1786</subfield>
   <subfield code="2">gnd</subfield>
  </datafield>
  <datafield tag="689" ind1="1" ind2="1">
   <subfield code="d">g</subfield>
   <subfield code="0">(DE-588)4046948-7</subfield>
   <subfield code="0">(DE-627)106196332</subfield>
   <subfield code="0">(DE-576)209071575</subfield>
   <subfield code="a">Potsdam</subfield>
   <subfield code="2">gnd</subfield>
  </datafield>
  <datafield tag="689" ind1="1" ind2="2">
   <subfield code="d">s</subfield>
   <subfield code="0">(DE-588)4056795-3</subfield>
   <subfield code="0">(DE-627)106153706</subfield>
   <subfield code="0">(DE-576)209119012</subfield>
   <subfield code="a">Städtebau</subfield>
   <subfield code="2">gnd</subfield>
  </datafield>
  <datafield tag="689" ind1="1" ind2="3">
   <subfield code="d">s</subfield>
   <subfield code="0">(DE-588)4114333-4</subfield>
   <subfield code="0">(DE-627)105822957</subfield>
   <subfield code="0">(DE-576)209483733</subfield>
   <subfield code="a">Kunst</subfield>
   <subfield code="2">gnd</subfield>
  </datafield>
  <datafield tag="689" ind1="1" ind2="4">
   <subfield code="d">s</subfield>
   <subfield code="0">(DE-588)4133849-2</subfield>
   <subfield code="0">(DE-627)105677108</subfield>
   <subfield code="0">(DE-576)209647345</subfield>
   <subfield code="a">Gewerbe</subfield>
   <subfield code="2">gnd</subfield>
  </datafield>
  <datafield tag="689" ind1="1" ind2="5">
   <subfield code="a">z</subfield>
   <subfield code="2">gnd</subfield>
   <subfield code="a">Geschichte</subfield>
  </datafield>
  <datafield tag="689" ind1="1" ind2=" ">
   <subfield code="5">(DE-627)</subfield>
  </datafield>
  <datafield tag="700" ind1="1" ind2=" ">
   <subfield code="a">Götzmann, Jutta</subfield>
   <subfield code="d">1965-</subfield>
   <subfield code="e">Hrsg.</subfield>
   <subfield code="0">(DE-588)1081331798</subfield>
   <subfield code="0">(DE-627)84598876X</subfield>
   <subfield code="0">(DE-576)454320108</subfield>
   <subfield code="4">edt</subfield>
  </datafield>
  <datafield tag="700" ind1="0" ind2=" ">
   <subfield code="a">Friedrich</subfield>
   <subfield code="b">II.</subfield>
   <subfield code="c">Preußen, König</subfield>
   <subfield code="d">1712-1786</subfield>
   <subfield code="0">(DE-588)118535749</subfield>
   <subfield code="0">(DE-627)133880583</subfield>
   <subfield code="0">(DE-576)161017142</subfield>
   <subfield code="4">oth</subfield>
  </datafield>
  <datafield tag="710" ind1="2" ind2=" ">
   <subfield code="a">Potsdam Museum - Forum für Kunst und Geschichte</subfield>
   <subfield code="0">(DE-588)512557-1</subfield>
   <subfield code="0">(DE-627)101480571</subfield>
   <subfield code="0">(DE-576)192452096</subfield>
   <subfield code="4">oth</subfield>
  </datafield>
  <datafield tag="711" ind1="2" ind2=" ">
   <subfield code="a">Ausstellung Friedrich und Potsdam - die Erfindung (s)einer Stadt</subfield>
   <subfield code="d">2012</subfield>
   <subfield code="c">Potsdam</subfield>
   <subfield code="0">(DE-588)102519487X</subfield>
   <subfield code="0">(DE-627)721551823</subfield>
   <subfield code="0">(DE-576)370064364</subfield>
   <subfield code="4">oth</subfield>
  </datafield>
  <datafield tag="787" ind1="0" ind2="8">
   <subfield code="i">Rezensiert in</subfield>
   <subfield code="a">Kerautret, Michel, 1949 - </subfield>
   <subfield code="t">Rezension von Jutta Götzmann (Hg.):  Friedrich und Potsdam. Die Erfindung (s)einer Stadt [anlässlich der Ausstellung »Friedrich und Potsdam – die Erfindung (s)einer Stadt« vom 20. August bis 2. Dezember 2012 im Potsdam-Museum – Forum für Kunst und Geschichte]  München (Hirmer Verlag) 2012</subfield>
   <subfield code="d">2013</subfield>
   <subfield code="w">(DE-627)1767041012</subfield>
  </datafield>
  <datafield tag="787" ind1="0" ind2="8">
   <subfield code="i">Rezensiert in</subfield>
   <subfield code="a">Lambrecht, Karen, 1962 - </subfield>
   <subfield code="t">[Rezension von: Jutta Götzmann (Hrsg.), Friedrich und Potsdam. Die Erfindung (s)einer Stadt]</subfield>
   <subfield code="d">2013</subfield>
   <subfield code="w">(DE-627)1801068909</subfield>
  </datafield>
  <datafield tag="856" ind1="4" ind2="2">
   <subfield code="u">http://www.gbv.de/dms/weimar/toc/716797631_toc.pdf</subfield>
   <subfield code="m">V:DE-601</subfield>
   <subfield code="m">B:DE-Wim2</subfield>
   <subfield code="x">Verlag</subfield>
   <subfield code="y">Inhaltsverzeichnis</subfield>
   <subfield code="3">Inhaltsverzeichnis</subfield>
  </datafield>
  <datafield tag="856" ind1="4" ind2="2">
   <subfield code="u">http://www.sehepunkte.de/2013/04/22033.html</subfield>
   <subfield code="m">V:DE-576;X:Sehepunkte</subfield>
   <subfield code="q">text/html</subfield>
   <subfield code="v">20180417093405</subfield>
   <subfield code="3">Rezension</subfield>
  </datafield>
  <datafield tag="935" ind1=" " ind2=" ">
   <subfield code="i">Blocktest</subfield>
  </datafield>
  <datafield tag="936" ind1="r" ind2="v">
   <subfield code="a">LH 47240</subfield>
   <subfield code="b">Potsdam</subfield>
   <subfield code="k">Allgemeines. Allgemeine Kunstgeschichte</subfield>
   <subfield code="k">Ausstellungswesen, Ausstellungskataloge</subfield>
   <subfield code="k">Ausstellungskataloge</subfield>
   <subfield code="k">Orte P</subfield>
   <subfield code="k">Potsdam</subfield>
   <subfield code="0">(DE-627)1272358186</subfield>
   <subfield code="0">(DE-625)rvk/93657:</subfield>
   <subfield code="0">(DE-576)202358186</subfield>
  </datafield>
  <datafield tag="936" ind1="r" ind2="v">
   <subfield code="a">LK 61370</subfield>
   <subfield code="b">Potsdam</subfield>
   <subfield code="k">Kunst nach Ländern bzw. Kontinenten</subfield>
   <subfield code="k">Deutschland</subfield>
   <subfield code="k">Kunsttopografie Deutschlands</subfield>
   <subfield code="k">Orte Deutschlands</subfield>
   <subfield code="k">Orte P</subfield>
   <subfield code="k">Potsdam</subfield>
   <subfield code="0">(DE-627)1270638084</subfield>
   <subfield code="0">(DE-625)rvk/98033:</subfield>
   <subfield code="0">(DE-576)200638084</subfield>
  </datafield>
  <datafield tag="936" ind1="r" ind2="v">
   <subfield code="a">NN 6530</subfield>
   <subfield code="b">Darstellungen</subfield>
   <subfield code="k">Neuere Geschichte</subfield>
   <subfield code="k">Zeitalter des Absolutismus (1648 - 1789)</subfield>
   <subfield code="k">Geschichte von 1740 bis 1789</subfield>
   <subfield code="k">Reichsgeschichte</subfield>
   <subfield code="k">Friedrich &lt;Preußen, König, II.&gt;</subfield>
   <subfield code="k">Darstellungen</subfield>
   <subfield code="0">(DE-627)1271467224</subfield>
   <subfield code="0">(DE-625)rvk/127035:</subfield>
   <subfield code="0">(DE-576)201467224</subfield>
  </datafield>
  <datafield tag="936" ind1="r" ind2="v">
   <subfield code="a">NR 7050</subfield>
   <subfield code="b">Rathenow</subfield>
   <subfield code="k">Landes- und Stadtgeschichte (Allgemeine, Deutsche und Österreichische Landes- und Stadtgeschichte, Ausländische Stadtgeschichte, Geschichte der Auslanddeutschen)</subfield>
   <subfield code="k">Deutsche Landesgeschichte im Einzelnen (einschl. ehemaliger deutscher Gebiete)</subfield>
   <subfield code="k">Brandenburg-Preußen, Staat Preußen</subfield>
   <subfield code="k">Stadtgeschichte</subfield>
   <subfield code="k">Einzelne Städte</subfield>
   <subfield code="k">Rathenow</subfield>
   <subfield code="0">(DE-627)1271655829</subfield>
   <subfield code="0">(DE-625)rvk/129698:</subfield>
   <subfield code="0">(DE-576)201655829</subfield>
  </datafield>
  <datafield tag="936" ind1="b" ind2="k">
   <subfield code="a">21.73</subfield>
   <subfield code="j">Stadtbaugeschichte</subfield>
   <subfield code="j">Geschichte ländlicher Siedlungen</subfield>
   <subfield code="0">(DE-627)106409948</subfield>
  </datafield>
  <datafield tag="936" ind1="b" ind2="k">
   <subfield code="a">15.46</subfield>
   <subfield code="j">Brandenburg</subfield>
   <subfield code="j">Preußen</subfield>
   <subfield code="j">Berlin</subfield>
   <subfield code="x">Deutsche Geschichte</subfield>
   <subfield code="0">(DE-627)181569698</subfield>
  </datafield>
  <datafield tag="951" ind1=" " ind2=" ">
   <subfield code="a">BO</subfield>
  </datafield>
  <datafield tag="990" ind1=" " ind2=" ">
   <subfield code="a">Friedrich &lt;II., Preußen, König&gt; </subfield>
  </datafield>
  <datafield tag="990" ind1=" " ind2=" ">
   <subfield code="a">Potsdam</subfield>
  </datafield>
  <datafield tag="990" ind1=" " ind2=" ">
   <subfield code="a">Geschichte</subfield>
  </datafield>
  <datafield tag="990" ind1=" " ind2=" ">
   <subfield code="a">Friedrich &lt;II., Preußen, König&gt; </subfield>
  </datafield>
  <datafield tag="990" ind1=" " ind2=" ">
   <subfield code="a">Potsdam</subfield>
  </datafield>
  <datafield tag="990" ind1=" " ind2=" ">
   <subfield code="a">Städtebau</subfield>
  </datafield>
  <datafield tag="990" ind1=" " ind2=" ">
   <subfield code="a">Kunst</subfield>
  </datafield>
  <datafield tag="990" ind1=" " ind2=" ">
   <subfield code="a">Gewerbe</subfield>
  </datafield>
  <datafield tag="990" ind1=" " ind2=" ">
   <subfield code="a">Geschichte</subfield>
  </datafield>
  <datafield tag="991" ind1=" " ind2=" ">
   <subfield code="a">Rezensiertes Werk</subfield>
  </datafield>
  <datafield tag="999" ind1=" " ind2=" ">
   <subfield code="a">KXP-PPN716797631</subfield>
   <subfield code="e">4173835140</subfield>
  </datafield>
 </record>
</collection>
